Capitales mondiales par une seule indice #4 - Statistiques

Statistiques générales
  • Ce quiz a été pris 210 fois
    187 depuis la dernière actualisation
  • Le résultat moyen est 10 sur 20
Statistiques - réponses
pays indice capitale % Correct
Russie Où trouver la place Rouge Moscou
93%
Chine La « Cité interdite » se trouve au centre Pékin
91%
Grèce L'académie de Platon était située ici Athènes
82%
Islande La capitale la plus au nord Reykjavik
75%
Norvège Commence et se termine avec O Oslo
70%
Suède La ville nordique la plus populeuse Stockholm
69%
Malaysie La capitale la plus proche de Singapour Kuala Lumpur
66%
Australie Plus de 2000 km de Wellington, la capitale la plus proche d'un pays différent Canberra
64%
Autriche Les strudels et les croissants viennent d'ici Vienne
62%
Emirats Arabes Unis Voisin de Dubaï et Sharjah Abou Dabi
61%
Afrique du Sud La capitale nationale la plus méridionale d'Afrique Le Cap
44%
Liban Une fois appelé « Le Paris du Moyen-Orient » Beyrouth
43%
Haïti Souffré de milliers de morts lors d'un tremblement de terre en 2010 Port-au-Prince
41%
Uruguay Sur les rives nord du Río de la Plata Montevideo
34%
Corée du Nord Accueil de l'hôtel Ryugyong, le plus grand bâtiment inoccupé au monde Pyongyang
34%
Géorgie Staline vivait ici lorsqu'il étudiait pour devenir prêtre Tbilissi
31%
Costa Rica Partage son nom avec une ville proche de San Francisco San José
27%
Thaïlande Connu dans sa propre langue comme Krungthepmahanakhon Bangkok
22%
Turquie Anciennement Angora Ankara
17%
Arabie Saoudite Accueil de la plus grande université féminine du monde Riyad
12%
Aucun quiz correspondant
Distribution des résultats
% des personnes avec chaque résultat
Percentile par nombre de réponses
Votre historique - résultats
Vous n’avez pas pris ce quiz depuis la dernière actualisation